Stochastic models with applications to genetics, cancers, AIDS and other biomedical systems
Salvato in:
| Autore principale: | |
|---|---|
| Natura: | Libro |
| Lingua: | inglese |
| Pubblicazione: |
Nueva York
World Scientific
2002
|
| Edizione: | 1a. ed |
| Serie: | Series on Concrete and Applicable Mathematics, 4
|
| Soggetti: | |
| Tags: |
Aggiungi Tag
Nessun Tag, puoi essere il primo ad aggiungerne!!
|
MARC
| LEADER | 00000cam a2200000 a 4500 | ||
|---|---|---|---|
| 001 | UCE9998 | ||
| 003 | CL-VaPUC | ||
| 008 | 151112e20020000us |||||||||||||||||eng|d | ||
| 020 | |a 9810248687 | ||
| 020 | |a 9810248695 | ||
| 082 | 0 | 4 | |a 519.2 |b WAI |2 21 |
| 100 | 0 | |a Wai-Yuan, Tan |e author |9 582993 | |
| 245 | 1 | 0 | |a Stochastic models with applications to genetics, cancers, AIDS and other biomedical systems |
| 250 | |a 1a. ed | ||
| 300 | |a 441 p | ||
| 942 | |c BK | ||
| 945 | |d 20151112 20:22:00 |a arojas | ||
| 260 | |a Nueva York |b World Scientific |c 2002 | ||
| 650 | 0 | |a Modelos Estocasticos |9 384810 | |
| 650 | 0 | |a Genética |9 259443 | |
| 650 | 0 | |a Procesos estocásticos |9 260364 | |
| 650 | 0 | |a Medicina |9 258507 | |
| 650 | 0 | |a Modelos matemáticos |9 259437 | |
| 650 | 0 | |a Biomedicina |9 474361 | |
| 650 | 0 | |a Cáncer |9 315942 | |
| 650 | 0 | |a SIDA (Síndrome de Inmunodeficiencia Adquirida) |9 256118 | |
| 583 | |a last modification |c 20151112 20:22:00 |k Rodrigo Vera | ||
| 490 | 0 | |a Series on Concrete and Applicable Mathematics, 4 | |
| 999 | |c 361632 |d 361630 | ||
| 952 | |0 0 |1 0 |3 erd |4 0 |6 519_200000000000000_WAI_2002 |7 0 |8 A |9 472233 |a BIBGIM |b BIBGIM |i 5248892 |o 519.2 WAI 2002 |p 5248892 |r 2025-01-15 |w 2019-11-24 |y BK |z Catalogado en:20151112 |k EST | ||